Essentials of management : (Record no. 10096)
[ view plain ]
| 000 -LEADER | |
|---|---|
| fixed length control field | 00594cam a2200205ua 4500 |
| 008 - FIXED-LENGTH DATA ELEMENTS--GENERAL INFORMATION | |
| fixed length control field | 190904n ii |||gr||||Z||||||eng |
| 020 ## - INTERNATIONAL STANDARD BOOK NUMBER | |
| International Standard Book Number | 9789339222864 |
| 040 ## - CATALOGING SOURCE | |
| Transcribing agency | MAIN |
| 041 ## - LANGUAGE CODE | |
| -- | eng |
| 082 ## - DEWEY DECIMAL CLASSIFICATION NUMBER | |
| Classification number | 658 |
| 100 ## - MAIN ENTRY--PERSONAL NAME | |
| Personal name | Harold Koontz, |
| Relator term | |
| 245 ## - TITLE STATEMENT | |
| Title | Essentials of management : |
| Remainder of title | International, innovation and leadership perspective / |
| Statement of responsibility, etc. | By Harold Koontz and Heinz Weihrich . |
| 250 ## - EDITION STATEMENT | |
| Edition statement | 10th ed. |
| 260 ## - PUBLICATION, DISTRIBUTION, ETC. | |
| Place of publication, distribution, etc. | Chennai: |
| Name of publisher, distributor, etc. | Mcgraw hill education, |
| Date of publication, distribution, etc. | 2018. |
| 300 ## - PHYSICAL DESCRIPTION | |
| Extent | 496p. |
| 700 ## - ADDED ENTRY--PERSONAL NAME | |
| Personal name | Heinz Weihrich, |
| Relator term | |
| 942 ## - ADDED ENTRY ELEMENTS (KOHA) | |
| Koha item type | Books |
| 653 ## - INDEX TERM--UNCONTROLLED | |
| Uncontrolled term | General management |
| Withdrawn status | Lost status | Damaged status | Not for loan | Home library | Current library | Shelving location | Date acquired | Total Checkouts | Full call number | Barcode | Date last seen | Copy number | Price effective from | Koha item type | Date last checked out |
|---|---|---|---|---|---|---|---|---|---|---|---|---|---|---|---|
| Central Library, Naharkatiya College | Central Library, Naharkatiya College | General Stacks | 19/09/2020 | 658Management | KOO | 27565 | 19/09/2020 | 1 | 19/09/2020 | Books | ||||||
| Central Library, Naharkatiya College | Central Library, Naharkatiya College | General Stacks | 19/09/2020 | 1 | 658Management | KOO | 27566 | 26/11/2021 | 2 | 19/09/2020 | Books | 09/11/2021 |
